[Event "Chess Masters Gent 2023"]
[Site "Ghent, Belgium"]
[Date "2023.07.19"]
[Round "9.6"]
[White "Van Der Stricht, Geert"]
[Black "Csonka, Balazs"]
[Result "1/2-1/2"]
[TimeControl "90'/40 + 30' + 30\"/M"]
[WhiteTitle "IM"]
[BlackTitle "IM"]
[WhiteFideId "201324"]
[BlackFideId "742910"]
[WhiteElo "2329"]
[BlackElo "2497"]

1. d4 {[%clk 01:30:58]} {[%emt 00:00:01]} Nf6 {[%clk 01:30:07]} {[%emt
00:00:53]} 2. c4 {[%clk 01:31:25]} {[%emt 00:00:04]} e6 {[%clk 01:30:29]}
{[%emt 00:00:07]} 3. Nc3 {[%clk 01:31:53]} {[%emt 00:00:02]} d5 {[%clk
01:30:50]} {[%emt 00:00:07]} 4. Bg5 {[%clk 01:31:17]} {[%emt 00:01:09]} dxc4
{[%clk 01:30:43]} {[%emt 00:00:37]} 5. e3 {[%clk 01:25:54]} {[%emt 00:05:53]}
a6 {[%clk 01:25:48]} {[%emt 00:05:25]} 6. Bxc4 {[%clk 01:26:12]} {[%emt
00:00:12]} b5 {[%clk 01:26:07]} {[%emt 00:00:11]} 7. Be2 {[%clk 01:22:15]}
{[%emt 00:04:27]} c5 {[%clk 01:13:28]} {[%emt 00:13:09]} 8. Bf3 {[%clk
01:22:01]} {[%emt 00:00:44]} Ra7 {[%clk 01:13:44]} {[%emt 00:00:15]} 9. Nge2
{[%clk 01:21:58]} {[%emt 00:00:32]} Bb7 {[%clk 00:47:46]} {[%emt 00:26:28]} 10.
Bxb7 {[%clk 01:16:54]} {[%emt 00:05:34]} Rxb7 {[%clk 00:48:00]} {[%emt
00:00:17]} 11. O-O {[%clk 01:16:12]} {[%emt 00:01:11]} Rd7 {[%clk 00:46:46]}
{[%emt 00:01:43]} 12. Ne4 {[%clk 00:59:57]} {[%emt 00:16:45]} cxd4 {[%clk
00:40:29]} {[%emt 00:06:48]} 13. Nxd4 {[%clk 00:57:54]} {[%emt 00:02:33]} Be7
{[%clk 00:40:51]} {[%emt 00:00:08]} 14. Bxf6 {[%clk 00:49:44]} {[%emt
00:08:40]} Bxf6 {[%clk 00:41:08]} {[%emt 00:00:13]} 15. Nxf6+ {[%clk 00:49:12]}
{[%emt 00:01:01]} Qxf6 {[%clk 00:41:30]} {[%emt 00:00:08]} 16. Qe2 {[%clk
00:42:52]} {[%emt 00:06:49]} O-O {[%clk 00:41:35]} {[%emt 00:00:25]} 17. a4
{[%clk 00:42:57]} {[%emt 00:00:26]} bxa4 {[%clk 00:40:46]} {[%emt 00:01:19]} 18.
Rfc1 {[%clk 00:38:06]} {[%emt 00:05:21]} e5 {[%clk 00:32:37]} {[%emt 00:08:39]}
19. Nf3 {[%clk 00:38:02]} {[%emt 00:00:33]} Rd5 {[%clk 00:32:57]} {[%emt
00:00:11]} 20. Rxa4 {[%clk 00:37:36]} {[%emt 00:00:56]} Qb6 {[%clk 00:32:48]}
{[%emt 00:00:38]} 21. Rac4 {[%clk 00:33:41]} {[%emt 00:04:25]} h6 {[%clk
00:23:37]} {[%emt 00:09:42]} 22. h3 {[%clk 00:26:58]} {[%emt 00:07:13]} Rfd8
{[%clk 00:20:51]} {[%emt 00:03:16]} 23. Rc8 {[%clk 00:23:52]} {[%emt 00:03:36]}
Qf6 {[%clk 00:11:42]} {[%emt 00:09:40]} 24. Qc4 {[%clk 00:18:01]} {[%emt
00:06:19]} Qd6 {[%clk 00:02:24]} {[%emt 00:09:50]} 25. Rxd8+ {[%clk 00:05:02]}
{[%emt 00:13:29]} Qxd8 {[%clk 00:02:52]} {[%emt 00:00:02]} 26. Qc8 {[%clk
00:05:20]} {[%emt 00:00:11]} e4 {[%clk 00:00:36]} {[%emt 00:02:46]} 27. Nd4
{[%clk 00:05:25]} {[%emt 00:00:25]} g6 {[%clk 00:00:32]} {[%emt 00:00:35]} 28.
Qb7 {[%clk 00:03:12]} {[%emt 00:02:42]} Rd7 {[%clk 00:00:51]} {[%emt 00:00:13]}
29. Qxe4 {[%clk 00:03:23]} {[%emt 00:00:18]} Rc7 {[%clk 00:01:10]} {[%emt
00:00:12]} 30. Rxc7 {[%clk 00:02:18]} {[%emt 00:01:36]} Qxc7 {[%clk 00:01:38]}
{[%emt 00:00:01]} 31. b3 {[%clk 00:01:56]} {[%emt 00:00:51]} Kg7 {[%clk
00:01:32]} {[%emt 00:00:36]} 32. g3 {[%clk 00:01:59]} {[%emt 00:00:27]} a5
{[%clk 00:00:33]} {[%emt 00:01:29]} 33. h4 {[%clk 00:01:07]} {[%emt 00:01:22]}
h5 {[%clk 00:00:56]} {[%emt 00:00:08]} 34. Qe8 {[%clk 00:00:56]} {[%emt
00:00:40]} Nd7 {[%clk 00:00:32]} {[%emt 00:00:54]} 35. Qe7 {[%clk 00:00:55]}
{[%emt 00:00:31]} Kg8 {[%clk 00:00:51]} {[%emt 00:00:12]} 36. Kh2 {[%clk
00:01:04]} {[%emt 00:00:20]} Qc8 {[%clk 00:00:59]} {[%emt 00:00:22]} 37. Qd6
{[%clk 00:00:59]} {[%emt 00:00:32]} Kg7 {[%clk 00:00:32]} {[%emt 00:00:59]} 38.
Nc6 {[%clk 00:01:03]} {[%emt 00:00:26]} Nf6 {[%clk 00:00:54]} {[%emt 00:00:09]}
39. Nd4 {[%clk 00:00:40]} {[%emt 00:00:53]} Ng4+ {[%clk 00:00:39]} {[%emt
00:00:45]} 40. Kg2 {[%clk 00:00:54]} {[%emt 00:00:14]} Qc3 {[%clk 00:00:33]}
{[%emt 00:00:38]} 41. Qe7 {[%clk 00:27:32]} {[%emt 00:03:52]} Kg8 {[%clk
00:25:00]} {[%emt 00:06:04]} 42. Qd8+ {[%clk 00:27:52]} {[%emt 00:00:10]} Kg7
{[%clk 00:25:06]} {[%emt 00:00:24]} 43. Qd7 {[%clk 00:26:00]} {[%emt 00:02:21]}
Kg8 {[%clk 00:21:25]} {[%emt 00:04:12]} 44. Nf3 {[%clk 00:17:40]} {[%emt
00:08:49]} Qxb3 {[%clk 00:19:21]} {[%emt 00:02:36]} 45. Qd8+ {[%clk 00:17:48]}
{[%emt 00:00:22]} Kg7 {[%clk 00:19:43]} {[%emt 00:00:08]} 46. Qxa5 {[%clk
00:18:01]} {[%emt 00:00:17]} Qb7 {[%clk 00:16:41]} {[%emt 00:03:32]} 47. Qc3+
{[%clk 00:17:35]} {[%emt 00:00:57]} Kg8 {[%clk 00:16:15]} {[%emt 00:00:56]} 48.
Qd4 {[%clk 00:17:35]} {[%emt 00:00:27]} Nh2 {[%clk 00:13:26]} {[%emt 00:03:21]}
49. e4 {[%clk 00:16:44]} {[%emt 00:01:20]} Nxf3 {[%clk 00:13:44]} {[%emt
00:00:13]} 50. Kxf3 {[%clk 00:17:11]} {[%emt 00:00:03]} Qb3+ {[%clk 00:13:09]}
{[%emt 00:01:06]} 51. Kf4 {[%clk 00:16:42]} {[%emt 00:00:57]} Qb5 {[%clk
00:09:56]} {[%emt 00:03:45]} 52. Qd8+ {[%clk 00:08:19]} {[%emt 00:08:53]} Kg7
{[%clk 00:09:45]} {[%emt 00:00:40]} 53. Qd5 {[%clk 00:08:30]} {[%emt 00:00:19]}
Qb6 {[%clk 00:08:59]} {[%emt 00:01:17]} 54. Qe5+ {[%clk 00:08:02]} {[%emt
00:00:59]} Kg8 {[%clk 00:07:59]} {[%emt 00:01:30]} 55. f3 {[%clk 00:05:25]}
{[%emt 00:03:07]} Qd8 {[%clk 00:08:20]} {[%emt 00:00:09]} 56. Qc3 {[%clk
00:05:21]} {[%emt 00:00:33]} Qd6+ {[%clk 00:07:26]} {[%emt 00:01:24]} 57. e5
{[%clk 00:05:12]} {[%emt 00:00:40]} Qd7 {[%clk 00:07:39]} {[%emt 00:00:16]} 58.
g4 {[%clk 00:04:18]} {[%emt 00:01:24]} hxg4 {[%clk 00:07:07]} {[%emt 00:01:03]}
59. fxg4 {[%clk 00:04:43]} {[%emt 00:00:05]} Qd8 {[%clk 00:06:48]} {[%emt
00:00:48]} 60. Kg3 {[%clk 00:04:06]} {[%emt 00:01:06]} Qd1 {[%clk 00:05:01]}
{[%emt 00:02:18]} 61. Qe3 {[%clk 00:03:55]} {[%emt 00:00:40]} Kg7 {[%clk
00:04:15]} {[%emt 00:01:17]} 62. Qf2 {[%clk 00:02:56]} {[%emt 00:01:26]} Qd3+
{[%clk 00:02:54]} {[%emt 00:01:55]} 63. Qf3 {[%clk 00:03:21]} {[%emt 00:00:05]}
Qd8 {[%clk 00:02:17]} {[%emt 00:01:06]} 64. Qc3 {[%clk 00:03:18]} {[%emt
00:00:32]} Kg8 {[%clk 00:02:33]} {[%emt 00:00:15]} 65. Qe3 {[%clk 00:03:16]}
{[%emt 00:00:32]} Qd1 {[%clk 00:01:59]} {[%emt 00:01:03]} 66. Kf4 {[%clk
00:03:07]} {[%emt 00:00:38]} Qd8 {[%clk 00:02:17]} {[%emt 00:00:14]} 67. Kg3
{[%clk 00:02:08]} {[%emt 00:01:29]} Qd1 {[%clk 00:02:38]} {[%emt 00:00:08]} 68.
Qf3 {[%clk 00:01:14]} {[%emt 00:01:23]} Qe1+ {[%clk 00:02:35]} {[%emt
00:00:34]} 69. Kh3 {[%clk 00:01:26]} {[%emt 00:00:18]} 1/2-1/2

[Event "Chess Masters Gent 2023"]
[Site "Ghent, Belgium"]
[Date "2023.07.19"]
[Round "9.7"]
[White "Grooten, Herman"]
[Black "De Waele, Warre"]
[Result "0-1"]
[TimeControl "90'/40 + 30' + 30\"/M"]
[WhiteTitle "IM"]
[BlackTitle "FM"]
[WhiteFideId "1000330"]
[BlackFideId "241156"]
[WhiteElo "2241"]
[BlackElo "2350"]

1. d4 {[%clk 01:30:57]} {[%emt 00:00:02]} d5 {[%clk 01:30:28]} {[%emt
00:00:32]} 2. c4 {[%clk 01:31:19]} {[%emt 00:00:08]} e6 {[%clk 01:30:32]}
{[%emt 00:00:27]} 3. Nf3 {[%clk 01:31:29]} {[%emt 00:00:19]} Nf6 {[%clk
01:30:55]} {[%emt 00:00:06]} 4. Nc3 {[%clk 01:31:41]} {[%emt 00:00:19]} Bb4
{[%clk 01:31:18]} {[%emt 00:00:07]} 5. Qa4+ {[%clk 01:31:47]} {[%emt 00:00:24]}
Nc6 {[%clk 01:31:42]} {[%emt 00:00:06]} 6. e3 {[%clk 01:30:16]} {[%emt
00:02:00]} O-O {[%clk 01:31:57]} {[%emt 00:00:14]} 7. Bd2 {[%clk 01:30:40]}
{[%emt 00:00:07]} dxc4 {[%clk 01:32:15]} {[%emt 00:00:13]} 8. Bxc4 {[%clk
01:30:47]} {[%emt 00:00:22]} a6 {[%clk 01:32:39]} {[%emt 00:00:07]} 9. Qc2
{[%clk 01:30:18]} {[%emt 00:00:59]} Bd6 {[%clk 01:32:35]} {[%emt 00:00:34]} 10.
h3 {[%clk 01:27:44]} {[%emt 00:03:04]} b5 {[%clk 01:28:20]} {[%emt 00:04:45]}
11. Be2 {[%clk 01:26:51]} {[%emt 00:01:23]} Bb7 {[%clk 01:24:06]} {[%emt
00:04:45]} 12. Rd1 {[%clk 01:21:27]} {[%emt 00:05:53]} e5 {[%clk 01:22:27]}
{[%emt 00:02:10]} 13. O-O {[%clk 01:19:59]} {[%emt 00:01:58]} Re8 {[%clk
01:15:27]} {[%emt 00:07:30]} 14. Bc1 {[%clk 01:15:13]} {[%emt 00:05:16]} exd4
{[%clk 01:05:29]} {[%emt 00:10:29]} 15. exd4 {[%clk 01:10:49]} {[%emt
00:04:53]} b4 {[%clk 01:01:02]} {[%emt 00:04:57]} 16. Nb1 {[%clk 00:53:22]}
{[%emt 00:17:58]} b3 {[%clk 01:00:45]} {[%emt 00:00:47]} 17. axb3 {[%clk
00:53:36]} {[%emt 00:00:15]} Nb4 {[%clk 00:56:29]} {[%emt 00:04:46]} 18. Qd2
{[%clk 00:49:36]} {[%emt 00:04:30]} Ne4 {[%clk 00:55:41]} {[%emt 00:01:18]} 19.
Qe1 {[%clk 00:48:54]} {[%emt 00:01:11]} a5 {[%clk 00:38:03]} {[%emt 00:18:09]}
20. Na3 {[%clk 00:40:22]} {[%emt 00:09:02]} Nd5 {[%clk 00:38:26]} {[%emt
00:00:07]} 21. Nc2 {[%clk 00:39:33]} {[%emt 00:01:19]} Bb4 {[%clk 00:36:27]}
{[%emt 00:02:29]} 22. Nxb4 {[%clk 00:37:46]} {[%emt 00:02:17]} Nxb4 {[%clk
00:36:51]} {[%emt 00:00:06]} 23. Bc4 {[%clk 00:37:58]} {[%emt 00:00:18]} Nd6
{[%clk 00:29:55]} {[%emt 00:07:26]} 24. Be3 {[%clk 00:36:09]} {[%emt 00:02:19]}
Bxf3 {[%clk 00:29:28]} {[%emt 00:00:57]} 25. gxf3 {[%clk 00:36:32]} {[%emt
00:00:07]} Qh4 {[%clk 00:27:21]} {[%emt 00:02:38]} 26. Kh2 {[%clk 00:33:38]}
{[%emt 00:03:24]} Nf5 {[%clk 00:18:14]} {[%emt 00:09:37]} 27. Rd2 {[%clk
00:31:40]} {[%emt 00:02:27]} Rad8 {[%clk 00:17:48]} {[%emt 00:00:57]} 28. Rg1
{[%clk 00:29:00]} {[%emt 00:03:09]} h6 {[%clk 00:16:03]} {[%emt 00:02:16]} 29.
Rg4 {[%clk 00:19:46]} {[%emt 00:09:43]} Qf6 {[%clk 00:16:09]} {[%emt 00:00:23]}
30. Qg1 {[%clk 00:19:03]} {[%emt 00:01:13]} Nh4 {[%clk 00:15:28]} {[%emt
00:01:11]} 31. Be2 {[%clk 00:18:00]} {[%emt 00:01:33]} Nd5 {[%clk 00:15:54]}
{[%emt 00:00:05]} 32. Rd3 {[%clk 00:16:09]} {[%emt 00:02:21]} Nf5 {[%clk
00:14:21]} {[%emt 00:02:03]} 33. Kh1 {[%clk 00:14:55]} {[%emt 00:01:44]} Qd6
{[%clk 00:13:16]} {[%emt 00:01:35]} 34. Bd1 {[%clk 00:14:02]} {[%emt 00:01:23]}
Re6 {[%clk 00:12:06]} {[%emt 00:01:40]} 35. Bd2 {[%emt 00:01:05]} Rde8 {[%clk
00:10:25]} {[%emt 00:02:09]} 36. Kg2 {[%clk 00:11:42]} {[%emt 00:02:17]} Nf6
{[%clk 00:07:10]} {[%emt 00:03:46]} 37. Rf4 {[%clk 00:08:28]} {[%emt 00:03:43]}
Nd5 {[%clk 00:07:10]} {[%emt 00:00:30]} 38. Rg4 {[%clk 00:08:25]} {[%emt
00:00:33]} h5 {[%clk 00:07:27]} {[%emt 00:00:13]} 39. Rg3 {[%clk 00:01:30]}
{[%emt 00:07:25]} Nxg3 {[%clk 00:06:57]} {[%emt 00:01:00]} 40. fxg3 {[%emt
00:00:10]} Rg6 {[%clk 00:04:20]} {[%emt 00:03:04]} 41. g4 {[%clk 00:27:53]}
{[%emt 00:04:30]} Rge6 {[%clk 00:30:47]} {[%emt 00:04:03]} 42. Qf1 {[%clk
00:21:08]} {[%emt 00:07:15]} Nf4+ {[%clk 00:30:08]} {[%emt 00:01:09]} 43. Bxf4
{[%clk 00:21:14]} {[%emt 00:00:23]} Qxf4 {[%clk 00:30:32]} {[%emt 00:00:06]} 44.
Qf2 {[%clk 00:20:28]} {[%emt 00:01:16]} Re1 {[%clk 00:28:09]} {[%emt 00:02:54]}
45. Qd2 {[%clk 00:15:50]} {[%emt 00:05:08]} Qf6 {[%clk 00:28:33]} {[%emt
00:00:06]} 46. g5 {[%clk 00:12:54]} {[%emt 00:03:26]} Qf5 {[%clk 00:25:40]}
{[%emt 00:03:22]} 47. h4 {[%clk 00:13:19]} {[%emt 00:00:05]} f6 {[%clk
00:23:04]} {[%emt 00:03:05]} 48. Rc3 {[%clk 00:12:05]} {[%emt 00:01:45]} fxg5
{[%clk 00:22:51]} {[%emt 00:00:43]} 49. hxg5 {[%clk 00:12:03]} {[%emt
00:00:32]} Qd7 {[%clk 00:16:50]} {[%emt 00:06:30]} 50. f4 {[%clk 00:11:32]}
{[%emt 00:01:02]} Qb5 {[%clk 00:15:28]} {[%emt 00:01:51]} 51. Qd3 {[%clk
00:10:26]} {[%emt 00:01:36]} Qxd3 {[%clk 00:13:54]} {[%emt 00:02:04]} 52. Rxd3
{[%clk 00:10:55]} {[%emt 00:00:02]} R8e3 {[%clk 00:13:27]} {[%emt 00:00:56]} 53.
Rd2 {[%clk 00:10:55]} {[%emt 00:00:30]} g6 {[%clk 00:12:40]} {[%emt 00:01:18]}
54. Kf2 {[%clk 00:10:22]} {[%emt 00:01:03]} Re7 {[%clk 00:12:20]} {[%emt
00:00:50]} 55. Be2 {[%clk 00:09:44]} {[%emt 00:01:07]} Rc1 {[%clk 00:12:41]}
{[%emt 00:00:10]} 56. d5 {[%clk 00:09:35]} {[%emt 00:00:39]} Kg7 {[%clk
00:12:34]} {[%emt 00:00:35]} 57. Bf3 {[%clk 00:08:45]} {[%emt 00:01:22]} Rb1
{[%clk 00:10:53]} {[%emt 00:02:10]} 58. Kg3 {[%clk 00:08:47]} {[%emt 00:00:29]}
Re3 {[%clk 00:10:05]} {[%emt 00:01:19]} 59. d6 {[%clk 00:06:12]} {[%emt
00:03:05]} cxd6 {[%clk 00:10:31]} {[%emt 00:00:04]} 60. Kf2 {[%clk 00:06:04]}
{[%emt 00:00:38]} Rxb3 {[%clk 00:09:34]} {[%emt 00:01:27]} 61. Rxd6 {[%clk
00:05:31]} {[%emt 00:01:03]} R1xb2+ {[%clk 00:09:52]} {[%emt 00:00:12]} 62. Be2
{[%clk 00:05:25]} {[%emt 00:00:36]} Rc3 {[%clk 00:09:51]} {[%emt 00:00:30]} 0-1